Cuentos escogidos de los mejores autores castellanos contemporáneos : Emilia Pardo Bazán, Juan Valera, José M. Pereda, I. Fernández Florez, Leopoldo Alas, Gutiérrez Najera, Rubén Darío, Salvador Rueda, Fernández Bremon, etc. /

Uloženo v:
Podrobná bibliografie
Další autoři: Pardo Bazán, Emilia (autor) (autor), Gómez Carrillo, Enrique (prefacio y notas) (prefacio y notas)
Médium: Kniha
Jazyk:španělština
Témata:
Tagy: Přidat tag
Žádné tagy, Buďte první, kdo vytvoří štítek k tomuto záznamu!

MARC

LEADER 00000nam^a2200000^a^4500
001 000381054
005 20250526000000.0
009 20260310120634.735
037 |a Acervo Xavier Clavigero 
041 |a ESP 
082 |a 863.  |b CUE 
245 0 0 |a Cuentos escogidos de los mejores autores castellanos contemporáneos :  |b Emilia Pardo Bazán, Juan Valera, José M. Pereda, I. Fernández Florez, Leopoldo Alas, Gutiérrez Najera, Rubén Darío, Salvador Rueda, Fernández Bremon, etc. /  |c E. Pardo Bazán... [et al] ; pref. y notas de E. Gómez Carrillo. 
264 |a París, Francia :  |b Garnier Frères,  |c 1894 
300 |a VII, 434 p. ;  |c 18.0 cm. 
336 |a texto  |b txt  |2 rdacontenido 
337 |a sin mediación  |b n  |2 rdamedio 
338 |a volumen  |b nc  |2 rdasoporte 
561 |a Ex libris de Catarino de la Torre 
649 |a XX 
650 |a Cuentos Mexicanos 
650 |a Cuentos Costarricenses 
650 |a Cuentos Nicaragüenses 
650 |a Cuentos Cubanos 
650 |a Cuentos Españoles 
650 |a Literatura Mexicana -  |y Siglo XIX 
650 |a Literatura Costarricense 
650 |a Literatura Nicaragüense -  |y Siglo XIX 
650 |a Literatura Cubana -  |y Siglo XIX 
650 |a Literatura Española -  |y Siglo XIX 
700 |a Pardo Bazán, Emilia  |e (autor) 
700 |a Gómez Carrillo, Enrique  |e (prefacio y notas) 
910 |a Fondo General 
920 |a Impresos - Libros 
930 |a Libros Antiguos y Raros 
940 |a Literatura 
905 |a 108 
901 |a 0500276114  |b IT2  |c LRA  |u 20250526 
902 |a https://opac.biblio.iteso.mx/vufind/Record/000381054